000 00369nam a2200133Ia 4500
005 20260326235443.0
008 260326s9999||||xx |||||||||||||| ||und||
100 _aWeston, Richard
245 0 _aPlantas, secciones y alzados :
_b Edificios clave del Siglo XX /
_cRichard Weston
260 _bGustavo Gili
300 _a233 p.
650 _aARQUITECTURA CIVIL
942 _cBK
999 _c7477
_d7477